[Event "Hastings Challengers 1995/96"]
[Site "Hastings"]
[Date "1996.01.02"]
[Round "6"]
[White "Ryan, Joseph"]
[Black "Ferguson, Mark"]
[Result "0-1"]
[WhiteElo "2210"]
[BlackElo "2360"]
[PlyCount "76"]
[EventDate "1995.12.28"]
[EventType "swiss"]
[EventRounds "11"]
[EventCountry "ENG"]
[SourceTitle "BritBase"]
[Source "John Saunders"]
[SourceDate "2025.01.31"]
[SourceVersion "1"]
[SourceVersionDate "2025.01.31"]
[SourceQuality "1"]

1. e4 e5 2. Nf3 Nc6 3. Bb5 a6 4. Bxc6 dxc6 5. O-O Bd6 6. d4 exd4 7. Qxd4 f6 8. b3 Qe7 9. Be3 Bd7 10. Nbd2 c5 11. Qc3 Bc6 12. Rfe1 O-O-O 13. Nc4 Bxe4 14. Nxd6+ Qxd6 15. Bxc5 Qd5 16. Rad1 Qxd1 17. Rxd1 Rxd1+ 18. Ne1 Nh6 19. f3 Bxc2 20. Bb6 c6 21. Kf2 Bg6 22. Nc2 Rc1 23. Qb4 Rxc2+ 24. Kg3 Nf5+ 25. Kh3 Re8 26. g4 Ne7 27. Qd6 Nd5 28. Ba7 Nc7 29. a4 Rce2 30. Bb6 R2e7 31. Bf2 Rd7 32. Qc5 h5 33. Bg3 hxg4+ 34. Kxg4 Rh8 35. Bd6 Rh5 36. Qa3 Rg5+ 37. Kh4 Rd8 38. Bf8 Rd4+ 0-1

[Event "Hastings Challengers 1995/96"]
[Site "Hastings"]
[Date "1996.01.02"]
[Round "6"]
[White "Shaw, John Kerr"]
[Black "Parker, Jonathan F"]
[Result "1/2-1/2"]
[WhiteElo "2280"]
[BlackElo "2415"]
[PlyCount "56"]
[EventDate "1995.12.28"]
[EventType "swiss"]
[EventRounds "11"]
[EventCountry "ENG"]
[SourceTitle "BritBase"]
[Source "John Saunders"]
[SourceDate "2025.01.31"]
[SourceVersion "1"]
[SourceVersionDate "2025.01.31"]
[SourceQuality "1"]

1. e4 e5 2. Nc3 Nf6 3. f4 d5 4. fxe5 Nxe4 5. Qf3 Nxc3 6. bxc3 Be7 7. d4 c5 8. Bb5+ Nc6 9. Ne2 Qb6 10. Bxc6+ Qxc6 11. O-O Be6 12. Qg3 O-O-O 13. Bg5 Bxg5 14. Qxg5 Kb8 15. Qxg7 cxd4 16. Nxd4 Qxc3 17. Nxe6 fxe6 18. Rab1 b6 19. Qe7 Rhe8 20. Qb4 Qxb4 21. Rxb4 Re7 22. c4 Rc7 23. cxd5 Rxd5 24. Re4 Rd2 25. a4 Rg7 26. Rf2 Rd1+ 27. Rf1 Rd2 28. Rf2 Rd1+ 1/2-1/2

[Event "Hastings Challengers 1995/96"]
[Site "Hastings"]
[Date "1996.01.02"]
[Round "6"]
[White "Stoeber, Michael"]
[Black "Buckley, Graeme N"]
[Result "0-1"]
[WhiteElo "2250"]
[BlackElo "2355"]
[PlyCount "102"]
[EventDate "1995.12.28"]
[EventType "swiss"]
[EventRounds "11"]
[EventCountry "ENG"]
[SourceTitle "BritBase"]
[Source "John Saunders"]
[SourceDate "2025.01.31"]
[SourceVersion "1"]
[SourceVersionDate "2025.01.31"]
[SourceQuality "1"]

1. d4 Nf6 2. c4 g6 3. Nc3 Bg7 4. e4 O-O 5. f3 c5 6. d5 d6 7. Bg5 e6 8. Qd2 exd5 9. cxd5 a6 10. a4 Nbd7 11. Nh3 c4 12. Nf2 Qc7 13. Rc1 Rb8 14. Be2 b5 15. axb5 axb5 16. b4 cxb3 17. Nxb5 Qb6 18. Rc6 Qb7 19. O-O Ne5 20. Rc7 Qa6 21. Ra7 Qb6 22. Be3 Qd8 23. Rb1 Rb7 24. Rxb7 Bxb7 25. f4 Ned7 26. Nxd6 Ba8 27. Rxb3 Qe7 28. Nb5 Nxe4 29. Nxe4 Qxe4 30. Nc7 Nf6 31. Rb4 Qf5 32. Bf3 h5 33. h3 Rc8 34. Nxa8 Rxa8 35. d6 Ra3 36. Rd4 Nd7 37. Rd5 Qe6 38. Bf2 Bh6 39. Rd4 Qf6 40. Re4 Ra6 41. Re8+ Bf8 42. Qb4 Kh7 43. Qd4 Bxd6 44. g3 h4 45. g4 Bc5 46. Qxd7 Qxf4 47. Bxc5 Qg3+ 48. Kf1 Qxf3+ 49. Bf2 Ra1+ 50. Re1 Ra2 51. Qd4 Qh1+ 0-1

[Event "Hastings Challengers 1995/96"]
[Site "Hastings"]
[Date "1996.01.02"]
[Round "6"]
[White "Williams, Leighton"]
[Black "Ledger, Stephen C"]
[Result "0-1"]
[WhiteElo "2110"]
[BlackElo "2260"]
[PlyCount "66"]
[EventDate "1995.12.28"]
[EventType "swiss"]
[EventRounds "11"]
[EventCountry "ENG"]
[SourceTitle "BritBase"]
[Source "John Saunders"]
[SourceDate "2025.01.31"]
[SourceVersion "1"]
[SourceVersionDate "2025.01.31"]
[SourceQuality "1"]

1. d4 Nf6 2. c4 c5 3. d5 b5 4. cxb5 a6 5. bxa6 Bxa6 6. Nc3 g6 7. e4 Bxf1 8. Kxf1 d6 9. g4 Bg7 10. Kg2 Na6 11. g5 Nd7 12. h4 Qc8 13. h5 c4 14. Be3 Nb4 15. Nge2 Nd3 16. Qd2 O-O 17. Nd4 Bxd4 18. Bxd4 N7e5 19. Rh4 f5 20. Rah1 fxe4 21. hxg6 Nxg6 22. Rxh7 Qg4+ 23. Kf1 Nge5 24. R1h4 Qf5 25. Qe3 Qxh7 26. Rxh7 Nxf2 27. Ke2 Kxh7 28. Qg3 Nfg4 29. Nxe4 Kg6 30. a3 Rf3 31. Qh4 Raf8 32. Ng3 Rf2+ 33. Ke1 Rh2 0-1

[Event "Hastings Challengers 1995/96"]
[Site "Hastings"]
[Date "1996.01.02"]
[Round "6"]
[White "Williams, Simon Kim"]
[Black "Bryson, Douglas Marshall"]
[Result "0-1"]
[WhiteElo "2250"]
[BlackElo "2405"]
[PlyCount "100"]
[EventDate "1995.12.28"]
[EventType "swiss"]
[EventRounds "11"]
[EventCountry "ENG"]
[SourceTitle "BritBase"]
[Source "John Saunders"]
[SourceDate "2025.01.31"]
[SourceVersion "1"]
[SourceVersionDate "2025.01.31"]
[SourceQuality "1"]

1. c4 e6 2. Nc3 d5 3. d4 c6 4. e4 dxe4 5. Nxe4 Bb4+ 6. Bd2 Qxd4 7. Bxb4 Qxe4+ 8. Be2 Na6 9. Bc3 Ne7 10. Bxg7 Rg8 11. Bf6 Rg6 12. Bc3 e5 13. Nf3 Rxg2 14. Qd2 f6 15. Qh6 Rg6 16. Qe3 Bf5 17. Qxe4 Bxe4 18. O-O-O Nc5 19. Rd6 Nf5 20. Rdd1 Ne6 21. Rhe1 Nfg7 22. Bd2 Rd8 23. Nh4 Nd4 24. Nxg6 hxg6 25. Be3 Nxe2+ 26. Rxe2 Rxd1+ 27. Kxd1 Bf3 28. Bxa7 Ne6 29. Ke1 Bxe2 30. Kxe2 c5 31. Ke3 Kd7 32. Bb6 Kc6 33. Ba5 b6 34. Bc3 Nd4 35. f4 exf4+ 36. Ke4 f5+ 37. Kxf4 Ne2+ 38. Ke5 Nxc3 39. bxc3 Kd7 40. h4 Kc6 41. Kf4 Kd6 42. Kg5 Ke6 43. a3 Kf7 44. a4 Ke6 45. Kxg6 f4 46. h5 f3 47. h6 f2 48. h7 f1=Q 49. h8=Q Qg2+ 50. Kh6 Qh3+ 0-1

[Event "Hastings Challengers 1995/96"]
[Site "Hastings"]
[Date "1996.01.02"]
[Round "6"]
[White "Wood, David A"]
[Black "Suetin, Alexey S"]
[Result "1/2-1/2"]
[WhiteElo "2285"]
[BlackElo "2445"]
[PlyCount "64"]
[EventDate "1995.12.28"]
[EventType "swiss"]
[EventRounds "11"]
[EventCountry "ENG"]
[SourceTitle "BritBase"]
[Source "John Saunders"]
[SourceDate "2025.01.31"]
[SourceVersion "1"]
[SourceVersionDate "2025.01.31"]
[SourceQuality "1"]

1. e4 c5 2. Nf3 Nc6 3. d4 cxd4 4. Nxd4 e6 5. Nc3 Qc7 6. f4 a6 7. Nxc6 Qxc6 8. Bd3 Bc5 9. Qe2 b5 10. Bd2 Bb7 11. O-O-O Ne7 12. Rhf1 b4 13. Nb1 O-O-O 14. Be3 Bxe3+ 15. Qxe3 d5 16. Nd2 Kb8 17. exd5 Nxd5 18. Qe5+ Qc7 19. Qxc7+ Kxc7 20. Rde1 Rhe8 21. Ne4 Re7 22. Nc5 Bc8 23. Be4 a5 24. Nd3 Nf6 25. Bf3 Ba6 26. Re5 Kb6 27. Rd1 Rc7 28. Nf2 Rdc8 29. Rd6+ Ka7 30. Rd2 Rc5 31. Rxc5 Rxc5 32. Ne4 Nxe4 1/2-1/2

[Event "Hastings Challengers 1995/96"]
[Site "Hastings"]
[Date "1996.01.02"]
[Round "6"]
[White "De Coverly, Roger D"]
[Black "Cafferty, Bernard"]
[Result "0-1"]
[WhiteElo "2105"]
[BlackElo "2136"]
[PlyCount "90"]
[EventDate "1995.12.28"]
[EventType "swiss"]
[EventRounds "11"]
[EventCountry "ENG"]
[SourceTitle "de Coverly, Roger"]
[SourceDate "2009.11.12"]
[SourceVersion "1"]
[SourceVersionDate "2009.11.12"]

1. b3 Nf6 2. Bb2 d5 3. e3 Bf5 4. Bxf6 exf6 5. Ne2 Bd6 6. d4 O-O 7. Nd2 Nc6 8. a3 Qe7 9. Qc1 Nd8 10. Ng3 Bg6 11. Bd3 Ne6 12. O-O c5 13. dxc5 Be5 14. Ra2 Qxc5 15. Nf3 Bc3 16. Bxg6 hxg6 17. Ne2 Ba5 18. Nfd4 Bc7 19. Nxe6 fxe6 20. Nd4 Qd6 21. g3 Bb6 22. Nb5 Qc6 23. c4 dxc4 24. bxc4 Rfd8 25. a4 a6 26. c5 axb5 27. cxb6 Qxb6 28. Qb1 b4 29. Qb3 Rac8 30. Rb2 Rd5 31. Qxb4 Qxb4 32. Rxb4 Rc7 33. Rfb1 Rd2 34. Rxb7 Rcc2 35. Rf1 Ra2 36. Re7 e5 37. Ra7 Ra3 38. Rb1 Raa2 39. Rb8+ Kh7 40. Rbb7 Rxf2 41. Rxg7+ Kh6 42. h4 Kh5 43. Rab7 Kg4 44. Rb1 Kf3 45. Rxg6 Rg2+ {Source: Roger de Coverly. Added 12 Nov  2009.} 0-1

[Event "Hastings Challengers 1995/96"]
[Site "Hastings"]
[Date "1996.01.02"]
[Round "6"]
[White "O'Cinneide, Mel"]
[Black "Dodgson, John A"]
[Result "0-1"]
[WhiteElo "2255"]
[BlackElo "2240"]
[PlyCount "71"]
[EventDate "1995.12.28"]
[EventType "swiss"]
[EventRounds "11"]
[EventCountry "ENG"]
[SourceTitle "Denman Collection"]
[Source "Brian Denman"]
[SourceDate "2023.11.29"]
[SourceVersion "1"]
[SourceVersionDate "2023.11.29"]
[SourceQuality "1"]

1. d4 d5 2. c4 c6 3. Nc3 dxc4 4. e3 b5 5. a4 b4 6. Na2 e6 7. Bxc4 Nf6 8. Nf3 Be7 9. O-O O-O 10. Bd2 a5 11. Nc1 Nbd7 12. Nb3 Qb6 13. Qe2 Bb7 14. e4 c5 15. e5 Nd5 16. Bd3 Ba6 17. dxc5 Nxc5 18. Nxc5 Bxc5 19. Bxh7+ Kxh7 20. Ng5+ Kg6 21. Qe4+ f5 22. exf6+ Kxf6 23. Rfc1 Bxf2+ 24. Kh1 Ke7 25. Nf3 Be3 26. Qh4+ Rf6 27. Bxe3 Qxe3 28. Re1 Qf4 29. Qf2 Kf8 30. Qc5+ Ne7 31. Ne5 Rh6 32. Nf3 Rc8 33. Qxa5 Bb7 34. Rf1 Kg8 35. Rad1 Bxf3 36. Rd8+ {Source: C P Ravilious (Brian Denman Collection)} 0-1

[Event "Hastings Challengers 1995/96"]
[Site "Hastings"]
[Date "1996.01.02"]
[Round "6"]
[White "Bouchaud, Vincent"]
[Black "Almond, Richard JA"]
[Result "1/2-1/2"]
[WhiteElo "2180"]
[BlackElo "2070"]
[PlyCount "164"]
[EventDate "1995.12.28"]
[EventType "swiss"]
[EventRounds "11"]
[EventCountry "ENG"]
[SourceTitle "Denman Collection"]
[Source "Brian Denman"]
[SourceDate "2023.11.29"]
[SourceVersion "1"]
[SourceVersionDate "2023.11.29"]
[SourceQuality "1"]

1. d4 d5 2. c4 e6 3. Nc3 Nf6 4. Bg5 Nbd7 5. e3 Be7 6. Qc2 O-O 7. Nf3 c5 8. cxd5 cxd4 9. Nxd4 Nxd5 10. Bxe7 Qxe7 11. Nxd5 exd5 12. Bd3 g6 13. O-O Nc5 14. Rac1 Ne6 15. Nf3 Ng5 16. Nxg5 Qxg5 17. Qc7 Bh3 18. Qg3 Qxg3 19. hxg3 Bd7 20. Rc5 Bc6 21. Bb5 Rab8 22. Bxc6 bxc6 23. b3 Rb6 24. Rfc1 Ra6 25. R1c2 Rc8 26. b4 Rb8 27. Rxc6 Rxc6 28. Rxc6 Rxb4 29. Ra6 Rb1+ 30. Kh2 Rf1 31. f3 Re1 32. Ra3 h5 33. Rd3 Kg7 34. Ra3 Kf6 35. Ra6+ Kg7 36. Ra3 Kf6 37. g4 hxg4 38. fxg4 Kg5 39. Kg3 f6 40. Rd3 Re2 41. a3 f5 42. gxf5 gxf5 43. Kf3 Ra2 44. Rxd5 Rxa3 45. g4 a5 46. Rxf5+ Kg6 47. Kf4 Ra1 48. Rb5 a4 49. Rb6+ Kf7 50. Rb7+ Kg6 51. Rb6+ Kf7 52. Ra6 Rf1+ 53. Ke5 Re1 54. Ra7+ Kg6 55. e4 Rg1 56. Ra6+ Kg5 57. Rxa4 Rxg4 58. Ra8 Kh6 59. Rf8 Kg7 60. Rf3 Rg6 61. Kd5 Ra6 62. e5 Ra5+ 63. Ke6 Ra6+ 64. Kf5 Kf7 65. Rb3 Ke7 66. Rb7+ Ke8 67. Rh7 Rb6 68. Rg7 Rc6 69. Ke4 Rb6 70. Kd5 Rb5+ 71. Kd6 Rb6+ 72. Kc5 Re6 73. Kd5 Rb6 74. Rc7 Ra6 75. Rc5 Ke7 76. Rb5 Ke8 77. e6 Ra1 78. Rb8+ Ke7 79. Rb7+ Ke8 80. Rb8+ Ke7 81. Rb7+ Ke8 82. Kd6 Rd1+ {Source: C P Ravilious (Brian Denman Collection)} 1/2-1/2

[Event "Hastings Challengers 1995/96"]
[Site "Hastings"]
[Date "1996.01.03"]
[Round "7"]
[White "Arkell, Keith C"]
[Black "Ledger, David J"]
[Result "1/2-1/2"]
[WhiteElo "2505"]
[BlackElo "2305"]
[PlyCount "97"]
[EventDate "1995.12.28"]
[EventType "swiss"]
[EventRounds "11"]
[EventCountry "ENG"]
[SourceTitle "BritBase"]
[Source "John Saunders"]
[SourceDate "2025.01.31"]
[SourceVersion "1"]
[SourceVersionDate "2025.01.31"]
[SourceQuality "1"]

1. d4 Nf6 2. Nf3 g6 3. b4 Bg7 4. Bb2 O-O 5. Nbd2 d6 6. Rb1 Nbd7 7. e3 Re8 8. Nc4 Nb6 9. Na5 Ne4 10. Bd3 d5 11. c4 c6 12. O-O Rb8 13. Qc2 Bf5 14. Nh4 e6 15. Nxf5 gxf5 16. f3 Nf6 17. Rbe1 dxc4 18. Nxc4 Nfd5 19. a3 Nxc4 20. Bxc4 Qh4 21. e4 Nb6 22. Bb3 Rbd8 23. exf5 Bxd4+ 24. Bxd4 Qxd4+ 25. Kh1 Nd5 26. fxe6 Rxe6 27. Rxe6 fxe6 28. Re1 Kh8 29. g3 Rf8 30. f4 Rf6 31. b5 c5 32. Qe2 Kg7 33. Bc2 Nc3 34. Qg4+ Kf8 35. Qh4 Qd5+ 36. Kg1 Qd4+ 37. Kg2 Nd5 38. Kh3 Qf2 39. Re5 Nxf4+ 40. Kg4 Ng6 41. Bxg6 Qf3+ 42. Kh3 Qf1+ 43. Kg4 Rxg6+ 44. Kh5 Qf3+ 45. g4 Qf7 46. Qd8+ Kg7 47. Rxc5 Rh6+ 48. Kg5 Rg6+ 49. Kh5 1/2-1/2

[Event "Hastings Challengers 1995/96"]
[Site "Hastings"]
[Date "1996.01.03"]
[Round "7"]
[White "Bryson, Douglas Marshall"]
[Black "Gottschlich, Carsten"]
[Result "1/2-1/2"]
[WhiteElo "2405"]
[BlackElo "2170"]
[PlyCount "88"]
[EventDate "1995.12.28"]
[EventType "swiss"]
[EventRounds "11"]
[EventCountry "ENG"]
[SourceTitle "BritBase"]
[Source "John Saunders"]
[SourceDate "2025.01.31"]
[SourceVersion "1"]
[SourceVersionDate "2025.01.31"]
[SourceQuality "1"]

1. e4 c5 2. Nf3 Nc6 3. d4 cxd4 4. Nxd4 g6 5. Nc3 Bg7 6. Be3 Nf6 7. Bc4 O-O 8. Bb3 a5 9. f3 d5 10. Bxd5 Nxd5 11. Nxd5 e6 12. Nxc6 bxc6 13. Nb6 Rb8 14. Qxd8 Rxd8 15. c3 Rd3 16. Bc5 Ba6 17. Rd1 Rbd8 18. Rxd3 Rxd3 19. Rg1 Be5 20. c4 Bxh2 21. Rf1 Bf4 22. Bf2 a4 23. g3 Bc7 24. Ke2 Rd8 25. Rc1 Bxb6 26. Bxb6 Rd7 27. Bc5 f6 28. b3 axb3 29. axb3 Kf7 30. Ra1 Bb7 31. Ke3 e5 32. Rh1 Ke6 33. g4 Bc8 34. Ra1 Bb7 35. Ra7 h5 36. gxh5 gxh5 37. Ra1 Rh7 38. Rh1 h4 39. Rh3 Kf7 40. f4 exf4+ 41. Kxf4 Bc8 42. Rh2 h3 43. Bf2 Rg7 44. Bg3 Bd7 1/2-1/2

[Event "Hastings Challengers 1995/96"]
[Site "Hastings"]
[Date "1996.01.03"]
[Round "7"]
[White "Buckley, Graeme N"]
[Black "McShane, Luke J"]
[Result "1-0"]
[WhiteElo "2355"]
[BlackElo "2170"]
[PlyCount "47"]
[EventDate "1995.12.28"]
[EventType "swiss"]
[EventRounds "11"]
[EventCountry "ENG"]
[SourceTitle "BritBase"]
[Source "John Saunders"]
[SourceDate "2025.01.31"]
[SourceVersion "1"]
[SourceVersionDate "2025.01.31"]
[SourceQuality "1"]

1. d4 Nf6 2. c4 g6 3. Nc3 Bg7 4. e4 d6 5. f4 O-O 6. Nf3 c5 7. d5 e6 8. Be2 exd5 9. cxd5 Bg4 10. O-O Nbd7 11. h3 Bxf3 12. Bxf3 a6 13. a4 c4 14. Be3 Qa5 15. Qe2 Rac8 16. Qf2 Rfe8 17. Rae1 Re7 18. Bd4 Nc5 19. Qh4 Qb6 20. Kh1 Nh5 21. Bxg7 Kxg7 22. Bxh5 Ree8 23. Bg4 Qxb2 24. Nd1 1-0

[Event "Hastings Challengers 1995/96"]
[Site "Hastings"]
[Date "1996.01.03"]
[Round "7"]
[White "Cherniaev, Alexander"]
[Black "Stoeber, Michael"]
[Result "1/2-1/2"]
[WhiteElo "2450"]
[BlackElo "2250"]
[PlyCount "130"]
[EventDate "1995.12.28"]
[EventType "swiss"]
[EventRounds "11"]
[EventCountry "ENG"]
[SourceTitle "BritBase"]
[Source "John Saunders"]
[SourceDate "2025.01.31"]
[SourceVersion "1"]
[SourceVersionDate "2025.01.31"]
[SourceQuality "1"]

1. e4 e6 2. d4 d5 3. e5 c5 4. c3 Nc6 5. Nf3 Qb6 6. a3 Nh6 7. b4 cxd4 8. cxd4 Nf5 9. Be3 Bd7 10. Bd3 Rc8 11. O-O Be7 12. Nbd2 a6 13. Nb3 Nxe3 14. fxe3 Na7 15. Nc5 Bb5 16. Rf2 Bxd3 17. Qxd3 Rc7 18. e4 dxe4 19. Qxe4 O-O 20. Qg4 Nb5 21. Raf1 Nxa3 22. Ne4 Nc2 23. Nf6+ Kh8 24. Nh5 Rg8 25. Qf4 Nxb4 26. Rd2 Nd5 27. Ng5 Bxg5 28. Qxg5 Qb3 29. Rf3 Qb1+ 30. Kf2 Qe4 31. Ng3 Qg6 32. Qxg6 hxg6 33. Ne4 Rf8 34. Nc5 Kg8 35. Rb2 b6 36. Nxa6 Rc4 37. Rfb3 Rxd4 38. Nb4 Rxb4 39. Rxb4 Nxb4 40. Rxb4 Rc8 41. Rxb6 Rc5 42. Rb8+ Kh7 43. Rb7 Rxe5 44. g4 f6 45. h4 g5 46. h5 f5 47. Re7 f4 48. Re8 Re3 49. Re7 Kh6 50. Rf7 Rg3 51. Rf8 Kh7 52. Re8 Rxg4 53. Rxe6 Rh4 54. Kf3 Rxh5 55. Kg4 g6 56. Re8 Kh6 57. Rh8+ Kg7 58. Ra8 Rh8 59. Ra2 Rf8 60. Kxg5 Rf5+ 61. Kg4 Kf6 62. Ra6+ Ke5 63. Ra5+ Ke4 64. Ra4+ Ke5 65. Ra5+ Kf6 1/2-1/2

[Event "Hastings Challengers 1995/96"]
[Site "Hastings"]
[Date "1996.01.03"]
[Round "7"]
[White "Hon, Andrew HL"]
[Black "Avni, Amatzia"]
[Result "1/2-1/2"]
[WhiteElo "2225"]
[BlackElo "2360"]
[PlyCount "57"]
[EventDate "1995.12.28"]
[EventType "swiss"]
[EventRounds "11"]
[EventCountry "ENG"]
[SourceTitle "BritBase"]
[Source "John Saunders"]
[SourceDate "2025.01.31"]
[SourceVersion "1"]
[SourceVersionDate "2025.01.31"]
[SourceQuality "1"]

1. e4 c5 2. Nf3 a6 3. c3 e6 4. d4 b5 5. Bd3 Bb7 6. O-O Nf6 7. Re1 cxd4 8. cxd4 Be7 9. a3 O-O 10. Nc3 d6 11. Qe2 Nbd7 12. Bf4 e5 13. Bg3 Nh5 14. Rad1 Bf6 15. Bb1 Nxg3 16. hxg3 Re8 17. Ba2 exd4 18. Nxd4 g6 19. Qd2 Rc8 20. Bd5 Bxd5 21. Nxd5 Nb6 22. Nxb6 Qxb6 23. Nf3 Rc4 24. Qxd6 Qxd6 25. Rxd6 Bxb2 26. Rxa6 Rcxe4 27. Rxe4 Rxe4 28. Rb6 Bxa3 29. Rxb5 1/2-1/2

[Event "Hastings Challengers 1995/96"]
[Site "Hastings"]
[Date "1996.01.03"]
[Round "7"]
[White "Houska, Miroslav"]
[Black "Cafolla, Peter"]
[Result "1-0"]
[WhiteElo "2275"]
[BlackElo "2160"]
[PlyCount "63"]
[EventDate "1995.12.28"]
[EventType "swiss"]
[EventRounds "11"]
[EventCountry "ENG"]
[SourceTitle "BritBase"]
[Source "John Saunders"]
[SourceDate "2025.01.31"]
[SourceVersion "1"]
[SourceVersionDate "2025.01.31"]
[SourceQuality "1"]

1. Nf3 Nf6 2. d4 g6 3. Bg5 Bg7 4. Nbd2 d6 5. e4 O-O 6. Be2 Nbd7 7. O-O c5 8. c3 b6 9. Re1 Bb7 10. Bf1 cxd4 11. cxd4 h6 12. Bh4 g5 13. Bg3 d5 14. e5 Ne4 15. h4 Nxg3 16. fxg3 e6 17. hxg5 hxg5 18. Bd3 f5 19. g4 fxg4 20. Nh2 Rf4 21. Nb3 Qe8 22. g3 Rf8 23. Qxg4 Qe7 24. Qh5 Rf5 25. Bxf5 exf5 26. Nf3 g4 27. Nh4 f4 28. Nf5 Qf8 29. Qxg4 fxg3 30. Qxg7+ Qxg7 31. Nxg7 Kxg7 32. Re3 1-0

[Event "Hastings Challengers 1995/96"]
[Site "Hastings"]
[Date "1996.01.03"]
[Round "7"]
[White "Howell, Christopher I"]
[Black "Ledger, Andrew J"]
[Result "0-1"]
[WhiteElo "2080"]
[BlackElo "2410"]
[PlyCount "74"]
[EventDate "1995.12.28"]
[EventType "swiss"]
[EventRounds "11"]
[EventCountry "ENG"]
[SourceTitle "BritBase"]
[Source "John Saunders"]
[SourceDate "2025.01.31"]
[SourceVersion "1"]
[SourceVersionDate "2025.01.31"]
[SourceQuality "1"]

1. e4 c6 2. d4 d5 3. e5 Bf5 4. Nf3 e6 5. Be2 c5 6. O-O Nc6 7. c3 cxd4 8. cxd4 Nge7 9. Nc3 Nc8 10. b3 Be7 11. Bb2 O-O 12. Rc1 Nb6 13. Kh1 a6 14. Ne1 Qd7 15. g4 Bg6 16. Ng2 f6 17. f4 fxe5 18. dxe5 d4 19. Na4 Nxa4 20. bxa4 Be4 21. Bf3 Bxf3 22. Rxf3 Qd5 23. Qb3 Nxe5 24. Qxd5 exd5 25. Rb3 Nxg4 26. Bxd4 Rac8 27. Rcb1 Bf6 28. h3 Bxd4 29. hxg4 Rc6 30. g5 h6 31. Rxb7 hxg5 32. fxg5 Rf3 33. R7b3 Bc3 34. Ne1 Rg3 35. Nc2 Rxg5 36. Rb8+ Kh7 37. R1b6 Rc4 0-1

[Event "Hastings Challengers 1995/96"]
[Site "Hastings"]
[Date "1996.01.03"]
[Round "7"]
[White "Hunt, Adam C"]
[Black "Rause, Olita"]
[Result "1-0"]
[WhiteElo "2180"]
[BlackElo "2320"]
[PlyCount "97"]
[EventDate "1995.12.28"]
[EventType "swiss"]
[EventRounds "11"]
[EventCountry "ENG"]
[SourceTitle "BritBase"]
[Source "John Saunders"]
[SourceDate "2025.01.31"]
[SourceVersion "1"]
[SourceVersionDate "2025.01.31"]
[SourceQuality "1"]

1. e4 e5 2. Nf3 Nc6 3. Bb5 a6 4. Ba4 Nf6 5. O-O b5 6. Bb3 Bb7 7. d3 Be7 8. c3 O-O 9. a4 d5 10. axb5 axb5 11. Rxa8 Bxa8 12. Nbd2 dxe4 13. dxe4 Bc5 14. Qe2 b4 15. Nc4 Re8 16. Bg5 h6 17. Bh4 g5 18. Bg3 Nd7 19. Rd1 Qc8 20. Rxd7 Qxd7 21. Ncxe5 Nxe5 22. Nxe5 Rxe5 23. Bxe5 Qe7 24. cxb4 Qxe5 25. bxc5 Qxc5 26. g3 Qd4 27. Qh5 Qf6 28. e5 Qf5 29. Qe2 Bf3 30. Bc2 Bxe2 31. Bxf5 Kf8 32. f4 Ke7 33. Kf2 Bc4 34. Ke3 f6 35. Kd4 Be2 36. Kd5 Bb5 37. b3 Be8 38. Kc5 fxe5 39. fxe5 Bf7 40. b4 Be8 41. Kd5 Ba4 42. Bc8 Bb5 43. Ke4 Ba4 44. Bb7 Bb5 45. Kf5 Be8 46. Bd5 Bh5 47. g4 Be8 48. h3 c6 49. Bc4 1-0

[Event "Hastings Challengers 1995/96"]
[Site "Hastings"]
[Date "1996.01.03"]
[Round "7"]
[White "Kelly, Brian R"]
[Black "Flear, Glenn C"]
[Result "1/2-1/2"]
[WhiteElo "2300"]
[BlackElo "2495"]
[PlyCount "67"]
[EventDate "1995.12.28"]
[EventType "swiss"]
[EventRounds "11"]
[EventCountry "ENG"]
[SourceTitle "BritBase"]
[Source "John Saunders"]
[SourceDate "2025.01.31"]
[SourceVersion "1"]
[SourceVersionDate "2025.01.31"]
[SourceQuality "1"]

1. c4 e6 2. Nc3 d5 3. d4 c6 4. e3 Nf6 5. Nf3 Nbd7 6. Qc2 Bd6 7. Be2 O-O 8. O-O dxc4 9. Bxc4 b5 10. Bd3 Bb7 11. a3 Qe7 12. Ne4 Nxe4 13. Bxe4 f5 14. Bd3 c5 15. Be2 Rac8 16. dxc5 Nxc5 17. Bd2 Ne4 18. Qd1 Rfd8 19. Rc1 Nxd2 20. Nxd2 Bxh2+ 21. Kxh2 Qd6+ 22. Kg1 Qxd2 23. Qxd2 Rxd2 24. Rxc8+ Bxc8 25. Bxb5 Rxb2 26. Rc1 Bb7 27. Bd7 Bd5 28. Rc7 a6 29. Ra7 Rb6 30. Bc8 Bc4 31. Rc7 Bd3 32. Re7 Bc4 33. Rc7 Bd3 34. Re7 1/2-1/2

[Event "Hastings Challengers 1995/96"]
[Site "Hastings"]
[Date "1996.01.03"]
[Round "7"]
[White "Lalic, Susan Kathryn"]
[Black "Plaskett, H James"]
[Result "1/2-1/2"]
[WhiteElo "2315"]
[BlackElo "2465"]
[PlyCount "64"]
[EventDate "1995.12.28"]
[EventType "swiss"]
[EventRounds "11"]
[EventCountry "ENG"]
[SourceTitle "BritBase"]
[Source "John Saunders"]
[SourceDate "2025.01.31"]
[SourceVersion "1"]
[SourceVersionDate "2025.01.31"]
[SourceQuality "1"]

1. e4 c5 2. c3 e6 3. d4 d5 4. e5 Nc6 5. Nf3 Nge7 6. Na3 Nf5 7. Nc2 Qb6 8. Bd3 cxd4 9. cxd4 Be7 10. h4 Bd7 11. Bxf5 exf5 12. b3 Nb4 13. Nxb4 Bxb4+ 14. Bd2 Bxd2+ 15. Qxd2 Bb5 16. Qb4 Rc8 17. a4 Bd3 18. Qxb6 axb6 19. Kd2 Be4 20. Rhc1 Ke7 21. Ne1 f4 22. Nd3 Bxd3 23. Kxd3 Ke6 24. g4 fxg3 25. fxg3 h5 26. Ke3 f6 27. exf6 gxf6 28. Kf4 Rxc1 29. Rxc1 Rg8 30. Re1+ Kf7 31. Rc1 Ke6 32. Re1+ Kf7 1/2-1/2

[Event "Hastings Challengers 1995/96"]
[Site "Hastings"]
[Date "1996.01.03"]
[Round "7"]
[White "Ledger, Stephen C"]
[Black "Haslinger, Stewart G"]
[Result "0-1"]
[WhiteElo "2260"]
[BlackElo "2145"]
[PlyCount "90"]
[EventDate "1995.12.28"]
[EventType "swiss"]
[EventRounds "11"]
[EventCountry "ENG"]
[SourceTitle "BritBase"]
[Source "John Saunders"]
[SourceDate "2025.01.31"]
[SourceVersion "1"]
[SourceVersionDate "2025.01.31"]
[SourceQuality "1"]

1. d4 d5 2. Nf3 Nf6 3. Bf4 c5 4. c3 e6 5. e3 Nc6 6. Nbd2 Bd6 7. Bg3 O-O 8. Bd3 b6 9. Ne5 Bb7 10. O-O Qc7 11. f4 Ne7 12. Bh4 Ne8 13. Rf3 Nf5 14. Rh3 f6 15. Ng4 cxd4 16. cxd4 Rc8 17. Nf1 Be7 18. Bf2 Ned6 19. Ng3 Qd7 20. Qf3 Rc7 21. Be1 Rfc8 22. Ne2 Nc4 23. b3 Nb2 24. Bxf5 exf5 25. Nf2 g6 26. Rb1 Rc2 27. g4 Ba6 28. Ng3 Rc1 29. Rxb2 Rxe1+ 30. Kg2 Rcc1 31. Rh4 Rg1+ 32. Kh3 Bf1+ 33. Nxf1 Rcxf1 34. g5 fxg5 35. fxg5 Bxg5 36. Rf4 Bxf4 37. exf4 g5 38. fxg5 Rxg5 39. Re2 f4+ 40. Kh4 Qd8 41. Re8+ Qxe8 42. Kxg5 Qg6+ 43. Kh4 Qh6+ 44. Kg4 Rg1+ 45. Kf5 Qf8+ 0-1